000 00765nam a2200157 a 4500
008 220728s2003 ||||||||||||||||| || u
050 _aCBU(02)2003/1
110 _aCopperbelt University
245 1 0 _aCopperbelt University : programmes and admission requirements
_cBy The Copperbelt University(CBU)
260 _aKitwe
_bCopperbelt University
_c[2003]
300 _a14 pages
650 _aUNIVERSITY AND COLLEGES--ENTRANCE REQUIREMENTS
650 _aUNIVERSITY AND COLLEGES--ADMISSION
995 _aSPECIAL COLLECTIONS
_e5002
_FCBU-MAIN LIBRARY (Kitwe)
_jCBU(02)2003/1B
_M2
_UAVAILABLE
_WSep 1, 2022
_yB5002
_ZUniversity Collection
995 _aSPECIAL COLLECTIONS
_e4949
_FCBU-MAIN LIBRARY (Kitwe)
_jCBU(02)2003/1A
_M1
_UAVAILABLE
_WJul 28, 2022
_yB4949
_ZUniversity Collection
999 _c62499
_d62499